000 00256 a2200097 4500
001 12561
100 _aFunkenbusch,P.D
245 _aPractical Guide to designed Experiments: A Unified Modular Approach
260 _a
_bMarcel Dekker
_c
090 _c9572
_d9572
942 _aNUST-CAE
_cM
_c36458
999 _c247634
_d247634